000
00263 a2200097 4500
020
_a
9789356991460
100
_a
Monika Halan
245
_a
Let's talk mutual funds: a systematic, smart way to make them work for you
260
_b
Harper Collins
_c
2023
942
_c
OO
999
_c
115630
_d
115629